Actors as Children Picture Quiz - Statistics

General Stats
  • This quiz has been taken 104 times
  • The average score is 9 of 20
Answer Stats
Picture Answer % Correct
George Clooney
87%
Tom Hanks
69%
Meryl Streep
68%
Eddie Murphy
67%
Sandra Bullock
62%
Robin Williams
54%
Ben Stiller
50%
Matt Damon
49%
Bruce Willis
42%
Juila Roberts
39%
Tim Allen
37%
Charlie Sheen
35%
Bill Murray
33%
Nicole Kidman
32%
Sylvester Stallone
32%
Keanu Reeves
31%
Nicolas Cage
24%
Robert De Niro
17%
Sally Field
14%
Sean Connery
14%
No matching quizzes found
Score Distribution
Percent of People with Each Score
Percentile by Number Answered
Your Score History
You have not taken this quiz